1613 1921 1262 1187 1030 1053 1159 1669 1590 1174 1187 1811 1211 1187 1852 1411 1945 1525 1145 1873 1977 1698 1101 1161 1212 1704 1209 1691 1454 1665 1693 1771 1407 1844 1007 1729 1641 1119 1792 1433 1617 1403 1651 1247 1971 1410 1988 1301 1477 1947 1861 1468 1101 1243 1869 1898 1813 1313 1393 1568 1472 1028 1159 1855 1475 1120 1476 1838 1176 1470 1758 1531 1668 1033 1404 1424 1580 1335 1783 1377 1991 1593 1085 1043 1511 1306 1882 1839 1682 1610 1474 1961 1487 1795 1484 1526 1669 1941 1550 BCNSPRNW ULIB Ver.6.0+V

เปลี่ยนเป็นภาษาไทย

Change to English
 แสดงรายละเอียดบรรณานุกรม
  กลับหน้าหลัก

Brief Record : Get Marc (ISO 2709) : E-mail record : QR code < ปิดหน้าต่าง
LEADER : 00000nam 2200000uu 4500
001    13399110436
003     ULIB
008    110530s2010||||th 000 0 eng d
020    9781416062493
060 04 QV4^bL523p 2010
100 1  Lehne, Richard A.
245 10 Pharmacology for nursing care /^cRichard A. Lehne ; inconsultation with Linda A. Moore, Leanna J. Crosby and Diane B. Hamilton
250    7th ed.
260    St. Louis :^bSaunders Elsevier,^c2010
300    xiv, 1362 p. :^bill. ;^c28 cm. +^e1 computer optical disc
650 2  Drug Therapy^xnurses instruction
650 2  Pharmaceutical Preparation^xnurses instruction
650 2  Pharmacology^xnurses instruction
700 1  Moore, Linda A.
700 1  Crosby, Leanna J.
700 1  Hamilton, Diane B.
945    ^p2668^l0^i030093
995    Kesorn
999 ^a ใช้งานได้ทุกระบบ
รายการนี้ยังไม่มีแท็ก
คุณยังไม่ได้ล็อกอิน คุณสามารถมีกิจกรรมร่วมกับเว็บไซต์ได้ แต่ต้องล็อกอินก่อน ::
  ล็อกอิน

รายการสื่อสารสนเทศ

ลำดับที่ ประเภท เลขเรียก/บาร์โค้ด สถานที่ สถานะ
- ไม่พบข้อมูล -

BibComment


ยังไม่เคยถูกคอมเมนท์

คอมเมนท์ทรัพยากรรายการนี้
  คอมเมนท์: Pharmacology for ..


 Copyright 2026. Bcnsprnw @Library